| 000 | 01257pam a2200301 a 4500 | ||
|---|---|---|---|
| 001 | 579488 | ||
| 005 | 19910216153333.8 | ||
| 008 | 900416s1991 paua b 001 0 eng c | ||
| 010 | _a 90006058 | ||
| 020 | _a0397547722 | ||
| 040 |
_aDNLM/DLC _cDLC _dDLC |
||
| 050 | 1 | 0 |
_aRT62 _b.R58 1991 |
| 060 | _aWY 195 R794t | ||
| 082 | 0 | 0 |
_a610.73 _220 _bROS |
| 100 | 1 |
_aRosdahl, Caroline Bunker. _922969 |
|
| 245 | 1 | 0 |
_aTextbook of Basic Nursing / _cCaroline Bunker Rosdahl. |
| 250 | _a5th ed. | ||
| 260 |
_aPhiladelphia : _bLippincott, _cc1991. |
||
| 300 |
_axxiii, 1144 p. : _bill. ; _c29 cm. |
||
| 504 | _aIncludes bibliographical references (p. 1073-1075) and index. | ||
| 650 | 0 |
_aPractical nursing. _922970 |
|
| 650 | 0 |
_aHolistic medicine. _922971 |
|
| 650 | 2 |
_aNursing, Practical. _922972 |
|
| 942 |
_2ddc _cBB |
||
| 999 |
_c10903 _d10903 |
||